000 00407cam a2200169ua 4500
003 OSt
005 20260213112549.0
008 260213b |||||||| |||| 00| 0 eng d
020 _a0-8170-156-1
041 _aeng
082 _a028.762016
_bAME/AS
245 0 0 _aASM metals reference book /
250 _a2 /
260 _aOhio :
_bAmerican Society for Metals ,
_c1983.
300 _a560 ; .
942 _cBK
999 _c8951
_d8951